Le Professeur Tournesol et ses inventions... - Statistiques

Statistiques générales
  • Ce quiz a été pris 90 fois
  • Le résultat moyen est 10 sur 15
Statistiques - réponses
Question Réponse % Correct
Dans Coke en stock, il modernise un moyen de transport, lequel ? Les patins à roulette
94%
Mais au fait le prénom de Tournesol est... Tryphon
88%
Quel est le nom de la fusée d'essai sur laquelle Tournesol travaille selon les albums consacrés à la Lune ? X-FLR 6
88%
Dans le trésor de Rackham le Rouge, Tournesol est présenté comme l'inventeur... D'une machine à brosser les vêtements
81%
Dans le même album, il est question d'un sous-marin de poche mais aussi... D'un lit-placard
81%
Dans Tintin au pays de l'or noir, il doit neutraliser un produit qui fait exploser les moteurs à essence et qui rend malade les Dupont-Dupond. Comment se nomme se produit ? Le N°14
81%
Tournesol invite aussi deux choses indispensables pour nos voyageurs de la Lune... Le scaphandre et le char lunaires
81%
Dans Tintin et les Picaros, il s'amuse à mettre des pilules dans les aliments de ses compagnons, elles ... Donnent mauvais goût à l'alcool
75%
Quel autre savant n'apparait pas dans les albums de Tintin ? Fulgence Cornélius
75%
La fusée qui emmène Tintin sur la Lune est propulsée par un moteur nucléaire
69%
Dans les Bijoux de la Castafiore, Tournesol crée un végétal, lequel ? Une rose blanche
69%
Dans le même album, il s'essaye à la fabrication... D'une télévision couleur
63%
Dans l'Affaire Tournesol, le lecteur apprend qu'il a conçu un appareil capable de détruire... Le verre et la porcelaine
31%
Quelle marque a fait appel à l'image de Tournesol pour sa publicité ? Fruit d'Or
25%
Quel acteur n'a pas tenu le rôle du Pr Tournesol à l'écran ? Jacques Dufilho
25%
Aucun quiz correspondant
Distribution des résultats
% des personnes avec chaque résultat
Percentile par nombre de réponses
Votre historique - résultats
Vous n’avez pas pris ce quiz